000
00291nam a2200121Ia 4500
008
230303s9999 xx 000 0 und d
041
_a
eng
082
_a
006.3 GER
100
_a
GERO (John. S)
245
_a
Artificial Intelligence in Design 02
260
_b
ACADEMY PRESS B
365
_c
RS
999
_c
181170
_d
181170